[Event "2nd League CS-East 2009"]
[Site "Golubac"]
[Date "2009.10.11"]
[Round "11.1"]
[White "Mitrovic, Darko R"]
[Black "Cvetanovic, Uros"]
[Result "1/2-1/2"]
[WhiteElo "2343"]
[BlackElo "2164"]
[PlyCount "21"]
[EventDate "2009.09.06"]

1. e4 c5 2. Nf3 e6 3. d4 cxd4 4. Nxd4 a6 5. Bd3 Nf6 6. O-O Qc7 7. Nc3 b5 8. Kh1
Bb7 9. f3 Be7 10. Be3 O-O 11. a3 1/2-1/2

[Event "2nd League CS-East 2009"]
[Site "Golubac"]
[Date "2009.10.11"]
[Round "11.2"]
[White "Nikolic, Stanimir"]
[Black "Markovic, Marko"]
[Result "0-1"]
[WhiteElo "2292"]
[BlackElo "2312"]
[Annotator "Milojevic,Boban"]
[PlyCount "80"]
[EventDate "2009.09.06"]

1. d4 d6 2. g3 g6 3. Bg2 Bg7 4. Nf3 Nf6 5. c4 O-O 6. Nc3 Nc6 7. O-O Bg4 8. h3
Bxf3 9. Bxf3 Nd7 10. e3 e5 11. Ne2 Qf6 12. Bxc6 bxc6 13. b3 exd4 14. exd4 Rfe8
15. Be3 Qf3 16. Rc1 Re7 17. Rc3 Rae8 18. Nf4 Qe4 19. Rd3 Qf5 $11 20. Kg2 Qa5
21. Qd2 Qa6 22. Rd1 Nf8 23. Qc2 Ne6 24. Nxe6 Rxe6 25. d5 Re4 26. dxc6 Qxc6 27.
Rd5 R8e5 28. R1d2 h5 29. Bxa7 h4 30. f4 Re6 31. Bf2 hxg3 32. Bxg3 Qe8 33. f5
gxf5 34. Rxf5 Rg6 35. Kh2 Re3 36. Bf4 Rc3 37. Qb1 Rf3 38. Bg5 Rxf5 39. Qxf5
Qe5+ 40. Qxe5 Bxe5+ 0-1

[Event "2nd League CS-East 2009"]
[Site "Golubac"]
[Date "2009.10.11"]
[Round "11.2"]
[White "Jovic, Stanoje"]
[Black "Peric, Slavisa"]
[Result "1/2-1/2"]
[WhiteElo "2294"]
[BlackElo "2280"]
[PlyCount "57"]
[EventDate "2009.09.06"]

1. c4 e5 2. Nc3 Nc6 3. Nf3 Nf6 4. e3 d6 5. d3 Be7 6. Nd5 O-O 7. Be2 Nxd5 8.
cxd5 Nb8 9. O-O c6 10. dxc6 Nxc6 11. Bd2 d5 12. d4 exd4 13. Nxd4 Nxd4 14. exd4
Qb6 15. Bc3 Bf6 16. Bf3 Be6 17. Qd2 Rfc8 18. Qf4 Qc7 19. Qxc7 Rxc7 20. h3 Rac8
21. Rfe1 h6 22. Re3 Bg5 23. Re2 Rc4 24. Ree1 b5 25. a3 Bf6 26. Be2 Bxd4 27.
Bxc4 Bxc3 28. bxc3 Rxc4 29. Rac1 1/2-1/2

[Event "2nd League CS-East 2009"]
[Site "Golubac"]
[Date "2009.10.11"]
[Round "11.2"]
[White "Tosic, Nebojsa"]
[Black "Kajganovic, Miodrag"]
[Result "1/2-1/2"]
[WhiteElo "2194"]
[BlackElo "2283"]
[PlyCount "29"]
[EventDate "2009.09.06"]

1. e4 c5 2. Nf3 Nc6 3. d4 cxd4 4. Nxd4 g6 5. c4 Bg7 6. Be3 Nf6 7. Nc3 d6 8. Be2
O-O 9. O-O Bd7 10. f4 a6 11. Qd2 Ng4 12. Bxg4 Bxg4 13. Nxc6 bxc6 14. f5 gxf5
15. h3 1/2-1/2

[Event "2nd League CS-East 2009"]
[Site "Golubac"]
[Date "2009.10.11"]
[Round "11.2"]
[White "Krstic, Ranko"]
[Black "Mickovic, Slavisa"]
[Result "1-0"]
[WhiteElo "2169"]
[BlackElo "2101"]
[PlyCount "77"]
[EventDate "2009.09.06"]

1. d4 d5 2. c4 dxc4 3. Nf3 Nf6 4. e3 e6 5. Bxc4 a6 6. O-O Be7 7. Qe2 c5 8. dxc5
Bxc5 9. Nc3 O-O 10. e4 b5 11. Bd3 Be7 12. Rd1 Qc7 13. Bg5 b4 14. Na4 Bb7 15.
Rac1 Qa5 16. b3 Nbd7 17. Nb2 Ne5 18. Nxe5 Qxe5 19. Bh4 Rac8 20. Nc4 Qf4 21. Bg3
Qg5 22. Rc2 Bc5 23. Nd6 Bxd6 24. Bxd6 Rxc2 25. Bxc2 Rd8 26. h4 Qa5 27. e5 Nd5
28. Rd4 g6 29. Qd2 Rc8 30. Be4 Qd8 31. Bxb4 Qc7 32. Bd6 Qd7 33. h5 f5 34. Bxd5
Bxd5 35. hxg6 hxg6 36. Qg5 Qg7 37. Rh4 Be4 38. Be7 Qxe5 39. Qxg6+ 1-0

[Event "2nd League CS-East 2009"]
[Site "Golubac"]
[Date "2009.10.11"]
[Round "11.3"]
[White "Petrovic, Dragan R"]
[Black "Trailovic, Mile"]
[Result "1-0"]
[WhiteElo "2215"]
[BlackElo "2154"]
[PlyCount "85"]
[EventDate "2009.09.06"]

1. d4 c5 2. c3 e6 3. e4 b6 4. Nf3 Bb7 5. Bd3 Nf6 6. Qe2 a6 7. O-O d5 8. e5 Nfd7
9. Ng5 g6 10. f4 Be7 11. Nxf7 Kxf7 12. f5 exf5 13. g4 Qg8 14. e6+ Ke8 15. exd7+
Kxd7 16. gxf5 Bd6 17. f6 Qe6 18. Qxe6+ Kxe6 19. Bh6 Kf7 20. Nd2 Bf8 21. Bf4 Nc6
22. Nf3 h6 23. h4 Re8 24. Ne5+ Nxe5 25. Bxe5 Rg8 26. Kh2 h5 27. Rf2 Re6 28. Rg1
Bd6 29. Bxd6 Rxd6 30. Bxg6+ Kf8 31. Bxh5 Rh8 32. Rg5 Re6 33. Bg4 Re4 34. Kg3
cxd4 35. cxd4 Rxd4 36. Rg7 Bc6 37. Rc7 Rg8 38. Rc8+ Kf7 39. Rxg8 Kxg8 40. Be6+
Kf8 41. Rc2 Bb7 42. Rc7 Re4 43. Bf5 1-0

[Event "2nd League CS-East 2009"]
[Site "Golubac"]
[Date "2009.10.11"]
[Round "11.3"]
[White "Dodic, Dragan"]
[Black "Zivkovic, Nemanja"]
[Result "1/2-1/2"]
[WhiteElo "2147"]
[BlackElo "2109"]
[PlyCount "27"]
[EventDate "2009.09.06"]

1. d4 Nf6 2. c4 c6 3. Nc3 d5 4. Nf3 Nbd7 5. Qb3 e6 6. cxd5 exd5 7. Bg5 Be7 8.
e3 O-O 9. Be2 Re8 10. O-O Nf8 11. Ne5 N6d7 12. Bxe7 Qxe7 13. Nxd7 Nxd7 14. Bf3
1/2-1/2

[Event "2nd League CS-East 2009"]
[Site "Golubac"]
[Date "2009.10.11"]
[Round "11.3"]
[White "Trickovic, Vladimir"]
[Black "Vlajic, Sasa"]
[Result "1-0"]
[WhiteElo "2065"]
[BlackElo "2176"]
[PlyCount "65"]
[EventDate "2009.09.06"]

1. d4 Nf6 2. Nf3 g6 3. Bg5 Bg7 4. e3 d6 5. c3 O-O 6. Bd3 Nc6 7. Nbd2 e5 8. O-O
Qe8 9. dxe5 dxe5 10. e4 h6 11. Bh4 Nh5 12. Qb3 Kh7 13. Rad1 f5 14. exf5 gxf5
15. Rfe1 Be6 16. Qxb7 Rb8 17. Qa6 Rb6 18. Qc4 Nf4 19. Bb1 Ng6 20. Bg3 Qf7 21.
h4 e4 22. h5 Nge5 23. Nxe5 Nxe5 24. Nxe4 fxe4 25. Qxe4+ Bf5 26. Qxf5+ Qxf5 27.
Bxe5 Rxb2 28. Bxf5+ Rxf5 29. Rd7 Rg5 30. Bf6 Rd2 31. Rxd2 Bxf6 32. Rd7+ Bg7 33.
Ree7 1-0

[Event "2nd League CS-East 2009"]
[Site "Golubac"]
[Date "2009.10.11"]
[Round "11.3"]
[White "Floricelovic, Milos"]
[Black "Lukic, Igor M"]
[Result "1/2-1/2"]
[WhiteElo "2104"]
[BlackElo "2150"]
[Annotator "Milojevic,Boban"]
[PlyCount "43"]
[EventDate "2009.09.06"]

1. e4 c5 2. Nf3 d6 3. d4 cxd4 4. Nxd4 Nf6 5. Nc3 Nc6 6. Nb3 g6 7. f3 Bg7 8. Be3
Be6 9. Qd2 h5 10. h4 a6 $11 11. Nd4 Nxd4 12. Bxd4 Qa5 13. Be2 Rc8 14. O-O O-O
15. Qe3 Qb4 16. a3 Qxb2 17. Rfb1 Ng4 18. fxg4 Bxd4 19. Qxd4 Qxc3 20. Qxc3 Rxc3
21. Rxb7 hxg4 22. Bxa6 1/2-1/2

[Event "2nd League CS-East 2009"]
[Site "Golubac"]
[Date "2009.10.11"]
[Round "11.3"]
[White "Stojkovic, Zoran"]
[Black "Gulicovski, Klimentije"]
[Result "1-0"]
[WhiteElo "2083"]
[BlackElo "2196"]
[PlyCount "104"]
[EventDate "2009.09.06"]

1. e4 g6 2. d4 Bg7 3. Be3 d6 4. Bc4 Nf6 5. f3 d5 6. exd5 Nxd5 7. Bf2 O-O 8. Qd2
Nc6 9. Bb3 a5 10. a3 a4 11. Ba2 Nb6 12. Ne2 Na5 13. O-O Nbc4 14. Qb4 Nb6 15. c4
Nc6 16. Qd2 Bf5 17. Rc1 Bxb1 18. Bxb1 Na5 19. Ba2 c5 20. d5 Nd7 21. Nc3 Nb6 22.
Ne4 Nd7 23. Nxc5 Nxc5 24. Bxc5 b6 25. Bf2 Nb7 26. Re1 Nc5 27. Re2 Re8 28. Rae1
Qd6 29. Bg3 Qd7 30. Bb1 Nb3 31. Qb4 Bd4+ 32. Bf2 Bc5 33. Qc3 Rac8 34. h4 b5 35.
h5 e5 36. dxe6 Rxe6 37. Rxe6 fxe6 38. hxg6 hxg6 39. Bxg6 Bxf2+ 40. Kxf2 Rxc4
41. Qe5 Qd4+ 42. Qxd4 Nxd4 43. Bd3 Rc6 44. Re4 Rd6 45. Ke3 Nf5+ 46. Kd2 Kf7 47.
Kc3 Rd5 48. g4 Nh4 49. f4 Nf3 50. Be2 Nd2 51. Rd4 Nb1+ 52. Kd3 Rc5 1-0

[Event "2nd League CS-East 2009"]
[Site "Golubac"]
[Date "2009.10.11"]
[Round "11.4"]
[White "Raicevic, Ivica"]
[Black "Dimitrijevic, Srdjan"]
[Result "1/2-1/2"]
[WhiteElo "2315"]
[BlackElo "2290"]
[PlyCount "92"]
[EventDate "2009.09.06"]

1. c4 c5 2. Nc3 Nc6 3. g3 g6 4. Bg2 Bg7 5. a3 d6 6. Nf3 e5 7. O-O Nge7 8. d3
O-O 9. Rb1 a5 10. Ne1 Be6 11. Nd5 Rb8 12. a4 Nb4 13. Nxe7+ Qxe7 14. Nc2 Rfd8
15. Bd2 Nxc2 16. Qxc2 b6 17. e4 Qf8 18. h3 Bh6 19. f4 exf4 20. Bxf4 Bg7 21. Kh2
Qe7 22. Rbe1 Be5 23. Qd2 f6 24. h4 Rf8 25. Rf2 Rf7 26. Ref1 Rbf8 27. Bh6 Re8
28. b3 Qd7 29. Be3 Qd8 30. d4 cxd4 31. Bxd4 f5 32. Bh3 Qf6 33. Bxe5 dxe5 34.
Qg5 Qxg5 35. hxg5 Rd7 36. exf5 Bxf5 37. Bxf5 gxf5 38. Rxf5 Rd3 39. Rf7 Rxb3 40.
Rb7 Rb4 41. Rff7 Rxc4 42. Rg7+ Kh8 43. Rxh7+ Kg8 44. g6 Rc6 45. Rbg7+ Kf8 46.
Rf7+ Kg8 1/2-1/2

[Event "2nd League CS-East 2009"]
[Site "Golubac"]
[Date "2009.10.11"]
[Round "11.4"]
[White "Trifunovic, Miroljub"]
[Black "Savic, Goran Lj"]
[Result "1/2-1/2"]
[WhiteElo "2295"]
[BlackElo "2153"]
[PlyCount "129"]
[EventDate "2009.09.06"]

1. d4 Nf6 2. Nf3 g6 3. c4 Bg7 4. Nc3 O-O 5. e4 d6 6. Be2 Nbd7 7. O-O c5 8. d5
a6 9. a4 Qc7 10. h3 e6 11. dxe6 fxe6 12. Ng5 Ne5 13. Be3 Bd7 14. Qd2 Rad8 15.
Nf3 Nf7 16. Ng5 Ne5 17. Rfd1 Bc8 18. Nf3 Nf7 19. a5 Bd7 20. Ng5 Nxg5 21. Bxg5
Bc6 22. f3 Rd7 23. Qe3 Ne8 24. Qd2 Rdf7 25. Kh1 Bd4 26. b4 Ng7 27. b5 Bd7 28.
Be3 Be5 29. f4 Rxf4 30. Bxf4 Bxf4 31. Qd3 Qd8 32. Rf1 Qh4 33. bxa6 bxa6 34.
Rad1 Ne8 35. Rf3 g5 36. Bf1 Be5 37. Rxf8+ Kxf8 38. Ne2 Bc6 39. Qe3 Bxe4 40. Kg1
Nf6 41. g3 Qh5 42. Bg2 Qg6 43. Bxe4 Qxe4 44. Qxe4 Nxe4 45. Kg2 Ke7 46. Rd3 Kd7
47. Kf3 Nf6 48. Rb3 d5 49. Rb6 d4 50. Nc1 Bd6 51. Rxa6 e5 52. Ra7+ Bc7 53. Rb7
e4+ 54. Ke2 Kc6 55. a6 Nd7 56. Rb5 Nb6 57. Nb3 d3+ 58. Kd1 e3 59. Rxc5+ Kd7 60.
Rxg5 e2+ 61. Ke1 Bd8 62. c5 Bxg5 63. cxb6 Be7 64. a7 Bb4+ 65. Nd2 1/2-1/2

[Event "2nd League CS-East 2009"]
[Site "Golubac"]
[Date "2009.10.11"]
[Round "11.4"]
[White "Lepojevic, Nebojsa"]
[Black "Zafirovski, Mite"]
[Result "1/2-1/2"]
[WhiteElo "2065"]
[BlackElo "2257"]
[PlyCount "136"]
[EventDate "2009.09.06"]

1. Nf3 Nf6 2. d4 e6 3. g3 b6 4. Bg2 Bb7 5. O-O Be7 6. c4 O-O 7. Nc3 Ne4 8. Qc2
Nxc3 9. Qxc3 c5 10. Qc2 Nc6 11. Rd1 cxd4 12. Nxd4 Nxd4 13. Rxd4 Bxg2 14. Kxg2
Qc7 15. Qd2 Rfd8 16. Rb1 Bf6 17. Rd3 Qxc4 18. b3 Qc6+ 19. f3 d5 20. Bb2 Bxb2
21. Qxb2 Rdc8 22. Rbd1 Qc2 23. R1d2 Qxb2 24. Rxb2 Rc1 25. e4 dxe4 26. fxe4 Rac8
27. Rd7 R1c7 28. Rbd2 Kf8 29. Rxc7 Rxc7 30. Kf3 Ke7 31. e5 Rc1 32. h4 h5 33.
Kf4 f6 34. Re2 Rc5 35. exf6+ Kxf6 36. Rg2 Rc1 37. Rf2 e5+ 38. Ke4+ Ke6 39. Rf8
Re1+ 40. Kd3 Rg1 41. Ke4 Rxg3 42. Re8+ Kf7 43. Ra8 Rg4+ 44. Kf5 e4 45. Rxa7+
Kg8 46. Re7 Rxh4 47. Kg6 Kf8 48. Re5 Rh2 49. Rxe4 Rg2+ 50. Kxh5 Rxa2 51. Rb4
Rh2+ 52. Kg5 Rh6 53. Ra4 Rc6 54. Ra7 Rc3 55. b4 Rc4 56. b5 Rc5+ 57. Kg6 Rxb5
58. Rf7+ Ke8 59. Rxg7 Kd8 60. Kf6 Kc8 61. Ke6 Rc5 62. Kd6 Kb8 63. Rh7 Rc1 64.
Kd5 b5 65. Kd4 Rc4+ 66. Kd3 Rc7 67. Rh5 Rb7 68. Rh3 Kc7 1/2-1/2

[Event "2nd League CS-East 2009"]
[Site "Golubac"]
[Date "2009.10.11"]
[Round "11.4"]
[White "Turudic, Nenad"]
[Black "Petrovic, Grade"]
[Result "1-0"]
[WhiteElo "2215"]
[BlackElo "2139"]
[PlyCount "61"]
[EventDate "2009.09.06"]

1. e4 c6 2. d4 d5 3. Nc3 dxe4 4. Nxe4 Nf6 5. Nxf6+ exf6 6. c3 Bd6 7. Bd3 O-O 8.
Qc2 Re8+ 9. Ne2 h6 10. O-O Nd7 11. Ng3 Nf8 12. Bd2 Bg4 13. Nf5 Bxf5 14. Bxf5
Qc7 15. h3 Bf4 16. Rfe1 g6 17. Bd3 Kg7 18. Bc4 h5 19. a4 h4 20. Bxf4 Qxf4 21.
Qb3 Qc7 22. d5 Re5 23. Rxe5 fxe5 24. dxc6 bxc6 25. Rd1 a5 26. Qc2 Rb8 27. b3
Nd7 28. Qe4 Nc5 29. Qxh4 Nxb3 30. Bxb3 Rxb3 31. Rd8 1-0

[Event "2nd League CS-East 2009"]
[Site "Golubac"]
[Date "2009.10.11"]
[Round "11.4"]
[White "Jovanovic, Boban"]
[Black "Maksimovic, Boban"]
[Result "0-1"]
[WhiteElo "2225"]
[BlackElo "2204"]
[PlyCount "69"]
[EventDate "2009.09.06"]

1. Nf3 Nf6 2. c4 c5 3. Nc3 g6 4. d4 cxd4 5. Nxd4 Bg7 6. e4 d6 7. h3 a6 8. Be2
Nc6 9. Be3 O-O 10. O-O Bd7 11. Rc1 Rc8 12. Qd2 Ne5 13. b3 Bc6 14. Qc2 Ned7 15.
Rfd1 Qc7 16. Nd5 Qd8 17. Qb1 e5 18. Nxc6 bxc6 19. Nxf6+ Qxf6 20. c5 Nxc5 21.
Bxc5 dxc5 22. Rxc5 Ra8 23. Qc2 Rfc8 24. Ra5 Rd8 25. Rxa6 Rxd1+ 26. Qxd1 Rxa6
27. Bxa6 Bf8 28. Qc2 Ba3 29. Bb7 c5 30. Bd5 Qf4 31. Qd1 Kg7 32. g3 Qg5 33. h4
Qe7 34. Qg4 h5 35. Kg2 0-1

[Event "2nd League CS-East 2009"]
[Site "Golubac"]
[Date "2009.10.11"]
[Round "11.5"]
[White "Nikolic, Zoran S"]
[Black "Panic, Milan"]
[Result "1/2-1/2"]
[WhiteElo "2254"]
[BlackElo "2225"]
[PlyCount "26"]
[EventDate "2009.09.06"]

1. c4 e5 2. Nc3 Nf6 3. g3 d5 4. cxd5 Nxd5 5. Bg2 Nb6 6. Nf3 Nc6 7. O-O Be7 8.
b3 O-O 9. Bb2 Re8 10. d3 Bf8 11. Rc1 Nd4 12. Nxd4 exd4 13. Ne4 c6 1/2-1/2

[Event "2nd League CS-East 2009"]
[Site "Golubac"]
[Date "2009.10.11"]
[Round "11.5"]
[White "Kalcic, Krsta"]
[Black "Batanjac, Aleksandar"]
[Result "1/2-1/2"]
[WhiteElo "2196"]
[BlackElo "2147"]
[PlyCount "21"]
[EventDate "2009.09.06"]

1. e4 c5 2. Nf3 g6 3. d4 Bg7 4. Nc3 cxd4 5. Nxd4 Nc6 6. Be3 Qa5 7. Qd2 Nf6 8.
f3 a6 9. Bc4 b5 10. Bb3 O-O 11. O-O-O 1/2-1/2

[Event "2nd League CS-East 2009"]
[Site "Golubac"]
[Date "2009.10.11"]
[Round "11.6"]
[White "Zlatanovic, Zoran"]
[Black "Biljanic, Ljubomir"]
[Result "0-1"]
[WhiteElo "2152"]
[BlackElo "2312"]
[PlyCount "52"]
[EventDate "2009.09.06"]

1. e4 e5 2. Nf3 Nc6 3. Bb5 g6 4. c3 Bg7 5. d4 exd4 6. cxd4 a6 7. Ba4 b5 8. Bb3
Na5 9. Bc2 Ne7 10. O-O O-O 11. Nc3 d6 12. b3 Bg4 13. h3 Bxf3 14. gxf3 c5 15.
Ne2 Nec6 16. Be3 Qf6 17. e5 dxe5 18. d5 Nd4 19. Bxd4 exd4 20. Ng3 Nb7 21. Bd3
Rac8 22. Rc1 Qg5 23. a4 Nd6 24. axb5 axb5 25. Be4 Be5 26. Kg2 f5 0-1

[Event "2nd League CS-East 2009"]
[Site "Golubac"]
[Date "2009.10.11"]
[Round "11.6"]
[White "Tosic, Branislav"]
[Black "Pantic, Milivoje"]
[Result "1/2-1/2"]
[WhiteElo "2192"]
[BlackElo "2170"]
[PlyCount "71"]
[EventDate "2009.09.06"]

1. d4 Nf6 2. Nf3 e6 3. Bg5 c5 4. c3 b6 5. e3 Bb7 6. Nbd2 Be7 7. Be2 O-O 8. O-O
d6 9. Re1 Nbd7 10. Bf1 Ne4 11. Bxe7 Qxe7 12. Nxe4 Bxe4 13. Nd2 Bb7 14. dxc5
Nxc5 15. e4 Rfd8 16. c4 a5 17. b3 Bc6 18. a3 e5 19. Rc1 Qb7 20. Qg4 Ne6 21. a4
Bd7 22. Rc3 Nd4 23. Qh4 Bc6 24. Rh3 h6 25. Ree3 Re8 26. Reg3 Re6 27. f4 Rg6 28.
f5 Rxg3 29. Rxg3 Kh7 30. f6 Rg8 31. Rh3 Bd7 32. Rg3 g5 33. Qh5 Rg6 34. Rxg5
Rxg5 35. Qxf7+ Kh8 36. Qf8+ 1/2-1/2

[Event "2nd League CS-East 2009"]
[Site "Golubac"]
[Date "2009.10.11"]
[Round "11.6"]
[White "Djukic, Stevan"]
[Black "Nedeljkovic, Gojko"]
[Result "1-0"]
[WhiteElo "2199"]
[BlackElo "2197"]
[PlyCount "75"]
[EventDate "2009.09.06"]

1. d4 Nf6 2. c4 e6 3. Nc3 Bb4 4. Bg5 c5 5. d5 h6 6. Bh4 b5 7. e4 g5 8. Bg3 Nxe4
9. Be5 f6 10. Qc2 exd5 11. cxd5 Qe7 12. Qxe4 Qxe5 13. Qxe5+ fxe5 14. Bxb5 Bb7
15. O-O-O Bxc3 16. bxc3 O-O 17. f3 d6 18. Nh3 Ba6 19. Bxa6 Nxa6 20. Nf2 Rf4 21.
Ne4 Rd8 22. h3 Nc7 23. c4 Ne8 24. Kc2 Nf6 25. Nd2 Rd4 26. Rhe1 Nd7 27. Re4 Nb6
28. Rxd4 cxd4 29. Rb1 Rc8 30. Kd3 Kf7 31. Rb4 Ke7 32. Ne4 Kd7 33. Nd2 Kc7 34.
Ke4 Nd7 35. Kf5 Nc5 36. Kg6 Nd3 37. Ra4 Kb6 38. Ne4 1-0